| 000 | 00816nam a22002291cc4500 | ||
|---|---|---|---|
| 001 | a987693044+Band3 | ||
| 035 | _aa987693044 | ||
| 008 | 200211s1980 gw |||| 000u ger d | ||
| 041 | _ager | ||
| 100 | 1 |
_aTotok, Wilhelm _917010 |
|
| 245 | 0 | 0 |
_aHandbuch der Geschichte der Philosophie _cUnter Mitarbeit von Erwin Schadel, Hans-Peter Schramm und Helmut Schröer _nBand 3 _pRenaissance / |
| 264 |
_aFrankfurt am Main : _bVittorio Klostermann, _c1980 |
||
| 300 | _a658 Seiten | ||
| 700 | 1 |
_aSchadel, Erwin _eMitarbeiterIn _917011 |
|
| 700 | 1 |
_aSchramm, Hans-Peter _eMitarbeiterIn _917012 |
|
| 700 | 1 |
_aSchröer, Helmut _eMitarbeiterIn _917013 |
|
| 246 | 1 | 2 |
_aHandbuch der Geschichte der Philosophie. Renaissance _nBand 3 |
| 773 | 0 | 8 |
_wa987693044 _qBand3 |
| 942 | _cMG | ||
| 040 | _cRU-10907106 | ||
| 003 | RU-10907106 | ||
| 999 |
_c29720 _d29720 |
||